000 00955nam a2200229Ia 4500
003 Ost
005 20260507075505.0
008 260507s9999||||xx |||||||||||||| ||und||
020 _a9789961002445
040 _cfsecg
041 _aara
082 _a332.4
100 _aحميدات، محمود
_eمؤلف
245 0 _aمدخل للتحليل النقدي /
_c محمود حميدات
250 _aطبعة 4
260 _aالجزائر:
_bديوان المطبوعات الجامعية,
_c2000
300 _a217 صفحة؛
_bإيضاحات ؛
_c22 سم
504 _aالمراجع ص.213 الجداول ص. 195
520 _aالنقد والإئتمان وأسعار الفائدة،أسعار الصرف،سياسة أسعار الصرف،النظام المصرفي الجزائري،نظام الصرف في الجزائر،نظام الرقابة على الصرف في الجزائر.
653 _aالنقود
942 _cكتاب
999 _c44710
_d44710